000 00796nam a22002297a 4500
999 _c16521
_d16521
003 AR-CdUCM
008 190503b ||||| |||| 00| 0 spa d
040 _aMUNICIPALIDAD PROVINCIAL DEL CUSCO
_cBIBLIOTECA MUNICIPAL DEL CUSCO
041 _hale
082 _23ed.
_a108 /
_bK21
100 _aKant, Emmanuel
_936013
245 _aProlegomenos /
260 _aBuenos Aires :
_bAguilar,
_c1961.
300 _a230 páginas ;
_c16 cm.
505 _aContenido: Prolegómenos a toda metafísica del porvenir que haya de poder presentarse como una ciencia -- De la principal cuestión trascendental...
650 _aFilosofía
_9395
650 _aCiencia
_92098
650 _aMetafísica
_92817
700 _aBesteiro, Julian (traductor)
_936014
942 _2ddc
_cLIBROS
945 _aacv
_d2019-05-03